[Event "ch-FRA Blitz Online Qual"]
[Site "Europe-Chess INT"]
[Date "2020.05.16"]
[Round "8"]
[White "Barseghyan, Harutyun"]
[Black "Debray, Christopher"]
[Result "1/2-1/2"]
[WhiteTitle "IM"]
[BlackTitle "IM"]
[WhiteElo "2463"]
[BlackElo "2376"]
[WhiteFideId "13304585"]
[BlackFideId "630810"]
[EventDate "2020.05.16"]

1. d4 g6 2. Nf3 Bg7 3. Bf4 Nf6 4. e3 c5 5. c3 b6 6. h3 Bb7 7. Nbd2 O-O 8. Be2 d5
9. O-O Nc6 10. a4 Nd7 11. Bh2 e5 12. dxe5 Ndxe5 13. Nxe5 Nxe5 14. Nf3 Re8 15.
Nxe5 Bxe5 16. Bf3 Bxh2+ 17. Kxh2 Qc7+ 18. Kg1 Rad8 19. a5 bxa5 20. Qa4 d4 21.
Bxb7 Qxb7 22. cxd4 cxd4 23. exd4 Qxb2 24. Qxa5 Qxd4 25. Qxa7 Qxa7 26. Rxa7 1/2-1/2

[Event "ch-FRA Blitz Online Qual"]
[Site "Europe-Chess INT"]
[Date "2020.05.16"]
[Round "8"]
[White "Velten, Paul"]
[Black "Msellek, Ilyass"]
[Result "1/2-1/2"]
[WhiteTitle "GM"]
[BlackTitle "FM"]
[WhiteElo "2480"]
[BlackElo "2316"]
[WhiteFideId "681091"]
[BlackFideId "675938"]
[EventDate "2020.05.16"]

1. d4 d6 2. c4 g6 3. Nc3 Bg7 4. Nf3 Nf6 5. e4 O-O 6. Be3 Na6 7. Be2 e5 8. d5 Nc5
9. Nd2 a5 10. a3 Ne8 11. b4 axb4 12. axb4 Rxa1 13. Qxa1 Na6 14. Qa3 f5 15. f3
Bh6 16. Na2 Bxe3 17. Qxe3 c5 18. dxc6 bxc6 19. O-O Ng7 20. Rd1 Nc7 21. Nb3 fxe4
22. Qxe4 Qg5 23. h4 Qg3 24. Nd2 d5 25. Nf1 Qxg2+ 26. Kxg2 dxe4 27. fxe4 Nce6 28.
Bg4 Nf4+ 29. Kg3 Ngh5+ 30. Bxh5 Nxh5+ 31. Kg2 Nf4+ 32. Kh2 Be6 33. Ne3 Ra8 34.
Nc3 Ra3 35. Rd8+ Kf7 36. Ncd1 Nd3 37. b5 cxb5 38. cxb5 Ke7 39. Rh8 Rb3 40. Rxh7+
Kd6 41. Rg7 Nf4 42. Ng2 Rxb5 43. Nxf4 exf4 44. Rxg6 Rh5 45. Rg5 Rxh4+ 46. Kg1
Rg4+ 47. Rxg4 Bxg4 48. Nf2 Bf3 49. Nh3 Bxe4 50. Nxf4 1/2-1/2

[Event "ch-FRA Blitz Online Qual"]
[Site "Europe-Chess INT"]
[Date "2020.05.16"]
[Round "8"]
[White "Claverie, Christophe"]
[Black "Mamedov, Rauf"]
[Result "1/2-1/2"]
[WhiteTitle "IM"]
[BlackTitle "GM"]
[WhiteElo "2304"]
[BlackElo "2654"]
[WhiteFideId "605514"]
[BlackFideId "13401653"]
[EventDate "2020.05.16"]

1. Nf3 c5 2. g3 Nc6 3. Bg2 Nf6 4. O-O d5 5. d3 g6 6. c3 Bg7 7. Qa4 O-O 8. Qh4
Re8 9. Bh6 Bxh6 10. Qxh6 Ng4 11. Qh4 e5 12. Qxd8 Rxd8 13. e4 d4 14. c4 a6 15. h3
Nf6 16. Nbd2 Nb4 17. Ne1 b5 18. a3 Nc6 19. Nc2 Be6 20. b3 Rab8 21. Rfb1 bxc4 22.
bxc4 Nd7 23. Kh2 f6 24. h4 Kf7 25. Bh3 Bxh3 26. Kxh3 Ke6 27. Kg2 Kd6 28. f3 Nb6
29. Kf2 Na4 30. Rxb8 Rxb8 31. Rb1 Rb2 32. Rxb2 Nxb2 33. Ke2 Na5 34. f4 h5 35.
Ne1 Ke6 36. Nef3 Na4 37. fxe5 fxe5 38. Ng5+ Kf6 39. Ndf3 Nc3+ 40. Kd2 Nb1+ 41.
Kc2 Nxa3+ 42. Kb2 N3xc4+ 43. dxc4 Nxc4+ 44. Kb3 Na5+ 45. Ka4 Nc6 46. Nd2 d3 47.
Kb3 Nd4+ 48. Kc4 Ne2 49. Kxd3 Nc1+ 50. Kc4 Ne2 51. Nf1 a5 52. Kxc5 Nd4 53. Nd2
Ne2 54. Kb5 Nxg3 55. Kxa5 Ne2 56. Kb5 Nf4 57. Kc5 Ng2 58. Ndf3 Nxh4 59. Nh7+ Kg7
60. Nxh4 Kxh7 61. Kd5 g5 62. Nf3 g4 63. Nxe5 Kh6 64. Kd4 Kg5 65. Ke3 h4 66. Nd3
h3 67. Kf2 h2 68. Kg2 g3 69. Nc1 Kf4 70. Ne2+ Kxe4 71. Nxg3+ Kf4 72. Kxh2 1/2-1/2

[Event "ch-FRA Blitz Online Qual"]
[Site "Europe-Chess INT"]
[Date "2020.05.16"]
[Round "8"]
[White "Le Goff, Damien"]
[Black "Gozzoli, Yannick"]
[Result "0-1"]
[WhiteTitle "FM"]
[BlackTitle "GM"]
[WhiteElo "2281"]
[BlackElo "2600"]
[WhiteFideId "634808"]
[BlackFideId "616915"]
[EventDate "2020.05.16"]

1. e4 Nf6 2. e5 Nd5 3. Nf3 d6 4. d4 g6 5. c4 Nb6 6. Nc3 Bg7 7. exd6 cxd6 8. h3
O-O 9. Be3 Nc6 10. b3 Bf5 11. Be2 d5 12. c5 Nc8 13. O-O Be4 14. Ng5 Bf5 15. Bf3
h6 16. g4 Bd7 17. Nxf7 Rxf7 18. Bxd5 e6 19. Be4 N8e7 20. Qd2 Qf8 21. d5 Bxc3 22.
Qxc3 Nxd5 23. Qd2 g5 24. Bxd5 exd5 25. Qxd5 Re8 26. Rae1 Ne5 27. Qd6 0-1

[Event "ch-FRA Blitz Online Qual"]
[Site "Europe-Chess INT"]
[Date "2020.05.16"]
[Round "8"]
[White "Bellahcene, Bilel"]
[Black "Macon, Arthur"]
[Result "1-0"]
[WhiteTitle "GM"]
[BlackTitle "FM"]
[WhiteElo "2501"]
[BlackElo "2310"]
[WhiteFideId "696358"]
[BlackFideId "20654707"]
[EventDate "2020.05.16"]

1. e4 c6 2. d4 d5 3. e5 Bf5 4. h4 h5 5. Bd3 Bxd3 6. Qxd3 e6 7. Bg5 Qa5+ 8. Nd2
Qa6 9. c4 Nd7 10. Ne2 Bb4 11. b3 Ne7 12. O-O Nf5 13. Ng3 Nxg3 14. Qxg3 g6 15. a3
Bxd2 16. Bxd2 O-O 17. Rfc1 Rac8 18. a4 Qb6 19. Qd3 Qd8 20. Bg5 Qa5 21. Rab1 a6
22. c5 Qc7 23. b4 Ra8 24. Qd2 b6 25. cxb6 Nxb6 26. Bf6 Kh7 27. g4 Nd7 28. Be7
Rfe8 29. Bd6 Qd8 30. g5 Rc8 31. Qe2 Qb6 32. Rd1 Kg8 33. Rd3 Qb7 34. Rc3 Nb6 35.
Rbc1 Nc4 36. Rxc4 dxc4 37. Qxc4 Qd7 38. Qxa6 Ra8 39. Qxc6 Qxc6 40. Rxc6 Rxa4 41.
Bc5 Ra1+ 42. Kg2 Rb1 43. Rb6 Rd8 44. b5 Rd1 45. Rd6 Rb8 46. b6 Rb1 47. Rc6 Kg7
48. Kf3 Rb2 49. Ke3 Kg8 50. f3 Kg7 51. Ke4 Rb1 52. Rd6 Kg8 53. d5 Re1+ 54. Kf4
Rd1 55. dxe6 Rxd6 56. exf7+ Kxf7 57. exd6 Ke6 58. Ke4 Kd7 59. Kd5 Rf8 60. Be3
Rf5+ 61. Ke4 Rf8 62. Ke5 Re8+ 63. Kd4 Kxd6 64. f4 Kc6 65. Kd3 Rf8 66. Ke4 Rf5
67. Bd4 Rf7 68. Ke3 Rf5 69. Ke4 Rf7 70. Bf6 Kxb6 71. f5 gxf5+ 72. Kxf5 Kc6 73.
g6 Rf8 74. g7 Rg8 75. Ke6 Kc5 76. Kf7 Rc8 77. g8=Q Rxg8 78. Kxg8 Kd6 79. Kg7 Ke6
80. Kg6 1-0

[Event "ch-FRA Blitz Online Qual"]
[Site "Europe-Chess INT"]
[Date "2020.05.16"]
[Round "8"]
[White "Buksa, Nataliya"]
[Black "Guliyev, Namig"]
[Result "0-1"]
[WhiteTitle "IM"]
[BlackTitle "GM"]
[WhiteElo "2410"]
[BlackElo "2529"]
[WhiteFideId "14123622"]
[BlackFideId "13400363"]
[EventDate "2020.05.16"]

1. d4 d5 2. Nc3 Bf5 3. Bf4 c6 4. e3 Nd7 5. f3 h5 6. Bd3 Bxd3 7. Qxd3 e6 8. Nge2
Ne7 9. O-O-O Ng6 10. Bg3 Qa5 11. e4 h4 12. Bf2 Be7 13. g3 b5 14. Nf4 Nxf4 15.
gxf4 b4 16. Nb1 Qxa2 17. Rhg1 a5 18. Rxg7 a4 19. f5 exf5 20. exf5 a3 21. bxa3
bxa3 22. Qc3 Rb8 23. Nd2 Bb4 24. Qe3+ Kd8 25. Qg5+ Kc7 26. Bg3+ hxg3 27. Qxg3+
Bd6 0-1

[Event "ch-FRA Blitz Online Qual"]
[Site "Europe-Chess INT"]
[Date "2020.05.16"]
[Round "8"]
[White "Zachary, Matheo"]
[Black "Shchekachev, Andrei"]
[Result "0-1"]
[WhiteTitle "FM"]
[BlackTitle "GM"]
[WhiteElo "2334"]
[BlackElo "2533"]
[WhiteFideId "26024691"]
[BlackFideId "4107730"]
[EventDate "2020.05.16"]

1. e4 Nc6 2. Nf3 d6 3. d4 Nf6 4. Nc3 g6 5. Be2 Bg7 6. h3 O-O 7. Be3 e5 8. dxe5
dxe5 9. O-O Qe7 10. Nd5 Nxd5 11. Qxd5 Rd8 12. Qc5 Qxc5 13. Bxc5 b6 14. Be3 h6
15. c3 Be6 16. b3 Na5 17. Rfd1 Nb7 18. Nd2 Nd6 19. f3 f5 20. Rac1 f4 21. Bf2 g5
22. c4 c5 23. Nb1 Nb7 24. Nc3 Kf7 25. Kf1 Na5 26. Nd5 Nc6 27. a3 Bf8 28. Rb1
Rab8 29. Bd3 Rbc8 30. Ke2 Bd6 31. Rd2 Rg8 32. Rdb2 h5 33. b4 Nd8 34. bxc5 Bxc5
35. Bxc5 Rxc5 36. Rb5 Nb7 37. a4 Rgc8 38. Rxc5 Rxc5 39. Rb5 Rc8 40. Kd2 Bd7 41.
Rb4 Nc5 42. a5 bxa5 43. Rb2 a4 44. Kc3 Ke6 45. Bc2 Kd6 46. Bd1 Rg8 47. Nb4 g4
48. Rd2+ Ke6 49. Rd5 gxh3 50. gxh3 Rc8 51. h4 a5 52. Nc2 Nb7 53. Na3 Bc6 54. Rd2
Rg8 55. c5 Rg3 56. Nc4 Bxe4 0-1

[Event "ch-FRA Blitz Online Qual"]
[Site "Europe-Chess INT"]
[Date "2020.05.16"]
[Round "8"]
[White "Wirig, Anthony"]
[Black "Le Huec, Marc"]
[Result "1/2-1/2"]
[WhiteTitle "GM"]
[WhiteElo "2499"]
[BlackElo "2213"]
[WhiteFideId "615013"]
[BlackFideId "624829"]
[EventDate "2020.05.16"]

1. b3 e5 2. Bb2 Nc6 3. e3 Nf6 4. Bb5 Bd6 5. Ne2 O-O 6. Ng3 a6 7. Bxc6 dxc6 8. d3
Qe7 9. e4 Re8 10. O-O Nd7 11. Nf5 Qg5 12. f4 exf4 13. Bxg7 Ne5 14. Bh6 Qg6 15.
Bxf4 Bxf5 16. exf5 Qxf5 17. Nd2 Qg6 18. Ne4 f5 19. Nxd6 cxd6 20. h3 Qe6 21. Qd2
Ng6 22. Rae1 Qd7 23. Bg5 Rxe1 24. Rxe1 Re8 25. Re2 Rxe2 26. Qxe2 Kf7 27. Kf2 Qe6
28. Qxe6+ Kxe6 29. c4 f4 30. Bh6 Kf5 31. Bg7 Ke6 32. Bd4 Kf5 33. Ke2 Nh4 34. Kf2
Ng6 35. Bb6 Ne5 36. Ke2 Ng6 37. Bc7 d5 38. cxd5 cxd5 39. Kf3 Nh4+ 40. Kf2 Ng6
41. a4 Nh4 42. g3 fxg3+ 43. Bxg3 Ng6 44. Ke3 Ke6 45. Kd4 Nf8 46. b4 Nd7 47. b5
axb5 48. axb5 Nb6 49. Bh2 Nd7 50. Bc7 Nf6 51. Kc5 Nd7+ 52. Kd4 Nf6 53. Ba5 Nd7
54. Bd8 Nb8 55. Bh4 Nd7 56. Bg3 Nf6 57. Bb8 Nd7 58. Bc7 1/2-1/2

[Event "ch-FRA Blitz Online Qual"]
[Site "Europe-Chess INT"]
[Date "2020.05.16"]
[Round "8"]
[White "Marcelin, Cyril"]
[Black "Tokhirjonova, Gulrukhbegim"]
[Result "1-0"]
[WhiteTitle "GM"]
[BlackTitle "WGM"]
[WhiteElo "2444"]
[BlackElo "2378"]
[WhiteFideId "607274"]
[BlackFideId "14203626"]
[EventDate "2020.05.16"]

1. d4 Nf6 2. Nf3 d5 3. Bf4 e6 4. e3 Bd6 5. Nbd2 O-O 6. Bd3 b6 7. Qe2 c5 8. c3 a5
9. Ne5 Qc7 10. O-O Ba6 11. Bxa6 Nxa6 12. a4 Nb8 13. Nd3 Nbd7 14. Bxd6 Qxd6 15.
f4 Rfe8 16. Ne5 Rac8 17. Rf3 Ne4 18. Nxe4 dxe4 19. Rh3 Nxe5 20. fxe5 Qd7 21. Qh5
h6 22. Rf1 cxd4 23. exd4 Re7 24. Rg3 Kh8 25. Rf6 Kh7 26. Rxh6+ gxh6 27. Rh3 Kg8
28. Qxh6 f5 29. Qh8+ Kf7 30. Qf6+ 1-0

[Event "ch-FRA Blitz Online Qual"]
[Site "Europe-Chess INT"]
[Date "2020.05.16"]
[Round "8"]
[White "Muminova, Nafisa"]
[Black "Barbot, Pierre1"]
[Result "1/2-1/2"]
[WhiteTitle "WGM"]
[BlackTitle "IM"]
[WhiteElo "2274"]
[BlackElo "2443"]
[WhiteFideId "14201526"]
[BlackFideId "663727"]
[EventDate "2020.05.16"]

1. d4 Nf6 2. Nc3 d5 3. Bf4 c6 4. e3 g6 5. f3 Bg7 6. Qd2 O-O 7. O-O-O b5 8. g4 b4
9. Na4 Nfd7 10. h4 Qa5 11. b3 Nb6 12. a3 Na6 13. Bxa6 Qxa6 14. Qxb4 Nxa4 15.
Qxa4 Qxa4 16. bxa4 f6 17. Bg3 e5 18. g5 exd4 19. exd4 fxg5 20. hxg5 Rf5 21. Re1
Rxg5 22. Bd6 Bf5 23. Bc5 Bf8 24. Bxf8 Rxf8 25. Re7 Rf7 26. Rxf7 Kxf7 27. Rxh7+
Kg8 28. Rh1 Rg2 29. c3 Rc2+ 30. Kd1 Rxc3 31. Ne2 Rxf3 32. Kd2 Rxa3 33. Rc1 Bd7
34. Nc3 g5 35. Kc2 c5 36. Kb2 Rxc3 37. Kxc3 cxd4+ 38. Kxd4 Bxa4 39. Kxd5 a6 40.
Rc7 g4 41. Ke4 Kf8 42. Kf4 Bd1 43. Ra7 Bf3 44. Rxa6 Ke7 45. Rg6 Kf7 46. Kg5 Ke7
47. Kf5 Kd7 48. Ke5 Kc7 49. Rf6 Kd7 50. Rg6 Kc7 51. Kd4 Kd7 52. Kc5 Ke7 53. Kd4
Kf7 54. Rb6 Ke7 55. Ke5 Kd7 56. Rf6 Ke7 57. Rg6 Kd7 1/2-1/2

[Event "ch-FRA Blitz Online Qual"]
[Site "Europe-Chess INT"]
[Date "2020.05.16"]
[Round "8"]
[White "Hutois, Mickael"]
[Black "Valles Moreno, Ivan"]
[Result "0-1"]
[WhiteTitle "FM"]
[BlackTitle "IM"]
[WhiteElo "2261"]
[BlackElo "2417"]
[WhiteFideId "652091"]
[BlackFideId "2205688"]
[EventDate "2020.05.16"]

1. e4 d6 2. d4 Nf6 3. Nc3 e5 4. Nf3 Nbd7 5. h3 Be7 6. Be3 c6 7. Qd2 Qc7 8. O-O-O
b5 9. Bd3 b4 10. Ne2 c5 11. dxe5 dxe5 12. Bc4 Nb6 13. Bd5 Nfxd5 14. exd5 Bd6 15.
Ng5 O-O 16. f4 exf4 17. Bxf4 Re8 18. Bxd6 Qxd6 19. Kb1 h6 20. Nf3 Nc4 21. Qf4
Rxe2 22. Qxc4 Ba6 23. Qg4 Rae8 24. Rhe1 Rxe1 25. Rxe1 Rxe1+ 26. Nxe1 Bb7 27. b3
Bxd5 28. Qe2 Qe6 29. Qd2 Qe5 30. Qf2 Qd4 31. Qxd4 cxd4 32. g3 g5 33. Nd3 a5 34.
Nc1 Be4 35. Kb2 f5 36. Ne2 d3 37. cxd3 Bxd3 38. Nd4 Be4 39. Kc1 Kf7 40. Kd2 Kf6
41. Ke3 Ke5 42. h4 f4+ 43. gxf4+ gxf4+ 0-1

[Event "ch-FRA Blitz Online Qual"]
[Site "Europe-Chess INT"]
[Date "2020.05.16"]
[Round "8"]
[White "Villegas, Pierre"]
[Black "Sahetchian, Armand"]
[Result "0-1"]
[WhiteTitle "IM"]
[WhiteElo "2364"]
[BlackElo "2117"]
[WhiteFideId "654183"]
[BlackFideId "607150"]
[EventDate "2020.05.16"]

1. d4 d5 2. c4 c6 3. Nf3 Nf6 4. e3 e6 5. b3 Bd6 6. Bb2 Nbd7 7. Bd3 O-O 8. O-O
Re8 9. Ne5 Qc7 10. f4 Ne4 11. Rf3 f6 12. Nxd7 Bxd7 13. Rh3 e5 14. Rh4 exf4 15.
Qh5 h6 16. c5 Bf8 17. Rxf4 Be6 18. Bxe4 dxe4 19. Nc3 Bd5 20. Nxd5 cxd5 21. Qxd5+
Kh8 22. Rxe4 Rad8 23. Qf5 b6 24. b4 Rxe4 25. Qxe4 Qd7 26. Rc1 bxc5 27. bxc5 Qb5
28. Ba1 Re8 29. Qf3 Qd3 30. e4 Qd2 31. Rd1 Qxa2 32. c6 Qa4 33. d5 Bc5+ 34. Kh1
Rxe4 35. h3 Rf4 36. c7 Rxf3 37. c8=Q+ Kh7 38. gxf3 Qxd1+ 39. Kg2 Qg1# 0-1

[Event "ch-FRA Blitz Online Qual"]
[Site "Europe-Chess INT"]
[Date "2020.05.16"]
[Round "8"]
[White "Bressy, Theo"]
[Black "Bujisho, Benjamin"]
[Result "0-1"]
[WhiteTitle "FM"]
[BlackTitle "IM"]
[WhiteElo "2289"]
[BlackElo "2290"]
[WhiteFideId "26022842"]
[BlackFideId "608610"]
[EventDate "2020.05.16"]

1. e4 c5 2. Nf3 d6 3. Bb5+ Nc6 4. Bxc6+ bxc6 5. O-O g6 6. c3 Bg7 7. h3 Bd7 8. d4
cxd4 9. cxd4 Nf6 10. Nc3 O-O 11. Be3 Rb8 12. Qd2 Re8 13. b3 Bc8 14. Rac1 Bb7 15.
Rfd1 Ra8 16. Qc2 Qd7 17. Na4 Rec8 18. Bf4 c5 19. d5 Ba6 20. Nb2 Qb7 21. Nc4 Nd7
22. Na5 Qb6 23. Nc6 Rxc6 24. dxc6 Qxc6 25. b4 Bb7 26. bxc5 Nxc5 27. e5 Qe8 28.
exd6 Bxf3 29. gxf3 exd6 30. Rxd6 Ne6 31. Bg3 h5 32. h4 Nd4 33. Rxd4 Bxd4 34. Qe4
Bb6 35. Qxe8+ Rxe8 36. Kf1 Rd8 37. Ke2 Re8+ 38. Kd3 Rd8+ 39. Ke2 Rd5 40. Rc4 Kg7
41. a4 Rc5 42. Rxc5 Bxc5 43. Be5+ f6 0-1

[Event "ch-FRA Blitz Online Qual"]
[Site "Europe-Chess INT"]
[Date "2020.05.16"]
[Round "8"]
[White "Okhotnik, Vladimir"]
[Black "Lucas, Arthur"]
[Result "0-1"]
[WhiteTitle "GM"]
[BlackTitle "FM"]
[WhiteElo "2359"]
[BlackElo "2283"]
[WhiteFideId "14101289"]
[BlackFideId "26093073"]
[EventDate "2020.05.16"]

1. e4 c5 2. Nf3 Nc6 3. Bc4 e6 4. O-O d5 5. exd5 exd5 6. Re1+ Be7 7. Bb5 Nf6 8.
Ne5 Bd7 9. Bxc6 Bxc6 10. Nxc6 bxc6 11. Qe2 Qd7 12. d3 O-O 13. Bg5 Rae8 14. Nd2
h6 15. Bh4 Bd8 16. Qf3 Rxe1+ 17. Rxe1 Re8 18. Rxe8+ Qxe8 19. Kf1 Qd7 20. Nb3 c4
21. Nc5 Qe8 22. dxc4 dxc4 23. Bxf6 Bxf6 24. b3 cxb3 25. axb3 Bd4 26. Nd3 Qe6 27.
Qf4 Bb6 28. g3 Qd5 29. Ke2 Qe6+ 30. Kd2 Qd5 31. f3 Ba5+ 32. b4 Bb6 33. Qe4 Qg5+
34. f4 Qh5 35. Qe2 Qd5 36. h3 Qc4 37. Qe7 Qd5 38. Qe2 Qc4 39. g4 Qd5 40. f5 Kh7
41. h4 Qd4 42. g5 Qxh4 43. g6+ fxg6 44. fxg6+ Kxg6 45. Qe6+ Qf6 46. Ne5+ Kh7 47.
Qe8 Qf4+ 48. Kd3 Qf5+ 49. Kc4 Qe4+ 50. Kb3 Qd5+ 51. Ka3 c5 52. Qg6+ Kg8 53. Qe8+
Kh7 54. b5 c4 55. Qg6+ Kg8 56. Ka4 Qxe5 57. c3 Qf6 58. Qe4 Qf7 59. Qa8+ Kh7 60.
Qe4+ g6 61. Qg4 h5 62. Qg5 Kg7 63. Qe5+ Qf6 64. Qg3 g5 65. Kb4 Qf4 66. Qe1 Qd6+
67. Kxc4 Qc5+ 68. Kd3 Qxb5+ 69. c4 Qf5+ 70. Ke2 Qe4+ 0-1

[Event "ch-FRA Blitz Online Qual"]
[Site "Europe-Chess INT"]
[Date "2020.05.16"]
[Round "8"]
[White "Migot, Tangi"]
[Black "Papadiamandis, Elliot"]
[Result "0-1"]
[WhiteTitle "IM"]
[WhiteElo "2351"]
[BlackElo "2269"]
[WhiteFideId "662445"]
[BlackFideId "36074160"]
[EventDate "2020.05.16"]

1. e4 c5 2. Nf3 d6 3. Bb5+ Nd7 4. O-O a6 5. Bd3 Ngf6 6. Re1 e6 7. c3 b5 8. Bc2
c4 9. a4 Bb7 10. axb5 axb5 11. Rxa8 Qxa8 12. Na3 Bxe4 13. Bxe4 Nxe4 14. Nxb5 Qb7
15. Qa4 d5 16. d3 cxd3 17. Bf4 Bc5 18. b4 Bxf2+ 19. Kf1 Bxe1 20. Nc7+ Ke7 21.
Kxe1 Rc8 22. Qa5 Qb6 23. Nd4 Qxa5 24. bxa5 e5 25. Nxd5+ Kd6 26. Nf5+ Kxd5 27.
Ne7+ Ke6 28. Nxc8 exf4 29. a6 d2+ 30. Kd1 Nxc3+ 31. Kxd2 Nb5 32. Kd3 Nc5+ 33.
Kc4 Nxa6 34. Kxb5 Nc7+ 35. Kc4 Nd5 36. Kd4 Ne3 37. Ke4 Nxg2 38. Kf3 Nh4+ 39.
Kxf4 Ng6+ 40. Kg4 f5+ 41. Kf3 Ne5+ 42. Kg2 Kf6 43. Nd6 g5 44. Kg3 f4+ 45. Kg2 h5
46. Kh3 Ke6 47. Ne4 Kf5 48. Nd6+ Kg6 49. Kg2 g4 50. Kf2 Kg5 51. Kg2 f3+ 52. Kf2
Kf4 53. Kf1 h4 54. Nb5 g3 55. hxg3+ hxg3 56. Nc3 g2+ 57. Kg1 Nd3 58. Nd1 Nc1 59.
Kf2 Ne2 60. Ne3 g1=Q# 0-1

[Event "ch-FRA Blitz Online Qual"]
[Site "Europe-Chess INT"]
[Date "2020.05.16"]
[Round "8"]
[White "Derige Kane, Yan"]
[Black "Firouzja, Alireza"]
[Result "0-1"]
[BlackTitle "GM"]
[WhiteElo "2236"]
[BlackElo "2728"]
[WhiteFideId "20665431"]
[BlackFideId "12573981"]
[EventDate "2020.05.16"]

1. d4 Nf6 2. Bg5 d5 3. Nd2 c5 4. e3 cxd4 5. exd4 Nc6 6. c3 Qb6 7. Qb3 Bf5 8.
Ngf3 e6 9. Be2 Be7 10. O-O O-O 11. h3 h6 12. Bh4 Rfc8 13. Ne5 Qc7 14. f4 Ne4 15.
Nxe4 Bxh4 16. Nd2 Nxe5 17. fxe5 b5 18. Rxf5 exf5 19. Bf3 b4 20. Qxb4 Rab8 21.
Qa3 Be7 22. Qa6 Rxb2 23. Nb3 Qxc3 24. Bxd5 Rd8 25. Qc4 Rxb3 26. Bxf7+ Kf8 27.
Qxb3 Qxa1+ 28. Kh2 Qxd4 29. e6 Qf4+ 30. Kg1 Bc5+ 31. Kh1 Qf1+ 32. Kh2 Bg1+ 33.
Kg3 Qf2# 0-1

[Event "ch-FRA Blitz Online Qual"]
[Site "Europe-Chess INT"]
[Date "2020.05.16"]
[Round "8"]
[White "Luminais, Eric"]
[Black "Lagarde, Maxime"]
[Result "0-1"]
[BlackTitle "GM"]
[WhiteElo "2161"]
[BlackElo "2655"]
[WhiteFideId "610372"]
[BlackFideId "662399"]
[EventDate "2020.05.16"]

1. c4 Nc6 2. Nc3 e5 3. g3 Bc5 4. Bg2 d6 5. e3 a6 6. Nge2 Ba7 7. Rb1 h5 8. h3 h4
9. g4 f5 10. gxf5 Bxf5 11. d3 Nf6 12. b4 O-O 13. a4 a5 14. b5 Nb4 15. e4 Be6 16.
O-O Nh5 17. Be3 Bxe3 18. fxe3 Qg5 19. Kh2 Qxe3 20. Qc1 Qxc1 21. Nxc1 Rxf1 22.
Bxf1 Rf8 23. Kg1 Ng3 24. Bg2 g5 25. Rb2 g4 26. hxg4 Bxg4 27. Rf2 Rf4 28. Nd5
Nxd5 29. exd5 b6 30. Rd2 Kg7 31. Kh2 Kf6 32. Bh3 Nf1+ 33. Bxf1 Rxf1 34. Kg2 Rxc1 0-1

[Event "ch-FRA Blitz Online Qual"]
[Site "Europe-Chess INT"]
[Date "2020.05.16"]
[Round "8"]
[White "Edouard, Romain"]
[Black "Ellis, Antoine"]
[Result "0-1"]
[WhiteTitle "GM"]
[WhiteElo "2649"]
[BlackElo "2066"]
[WhiteFideId "633429"]
[BlackFideId "36019992"]
[EventDate "2020.05.16"]

1. d4 Nf6 2. c4 Nc6 3. Nc3 e5 4. d5 Ne7 5. h4 h5 6. e4 Ng6 7. Bg5 Be7 8. g3 d6
9. Bh3 Bxh3 10. Nxh3 Nf8 11. Qe2 g6 12. O-O-O N8h7 13. f4 Nxg5 14. hxg5 Ng4 15.
Nf2 Nxf2 16. Qxf2 Qd7 17. Kb1 a6 18. Ne2 b6 19. Nc1 O-O-O 20. Nd3 Rhe8 21. Nb4
Kb7 22. Nc6 Ra8 23. g4 Qxg4 24. fxe5 Qxe4+ 25. Ka1 Bxg5 26. Qxf7 Rxe5 27. Nxe5
Qxe5 28. Rhe1 Qh8 29. Re6 Rf8 30. Qd7 Bf6 31. Kb1 Bxb2 32. Re7 Rc8 33. Qxd6 Ba1
34. Rd2 Bc3 35. Rf2 Qd4 36. Qf4 Qd3+ 37. Kc1 Bb4 38. Ree2 Ba3+ 39. Rb2 Qc3+ 40.
Kb1 Bxb2 41. Rxb2 Re8 42. a4 Re1+ 43. Ka2 Re3 44. Qf2 Qa3+ 45. Kb1 Qd3+ 46. Ka2
Qxc4+ 47. Kb1 Rc3 48. Qd2 Qd3+ 49. Qxd3 Rxd3 50. Rg2 Rxd5 51. Rxg6 Rd4 52. a5
Rb4+ 53. Kc2 bxa5 54. Kc3 Rb5 55. Kc4 a4 56. Rg3 Kb6 57. Rg6+ c6 58. Rg8 Rf5 59.
Kb4 Rf4+ 60. Ka3 h4 61. Rg5 c5 62. Rh5 Kb5 63. Rh6 Rf3+ 64. Ka2 h3 65. Rh8 a5
66. Rh4 c4 67. Rh8 Rf2+ 68. Ka3 Rf3+ 69. Ka2 c3 70. Ka3 Kc4 71. Kxa4 c2 72. Rc8+
Kd3 73. Kb3 c1=Q 74. Rxc1 Kd2+ 75. Ka2 Kxc1 0-1

[Event "ch-FRA Blitz Online Qual"]
[Site "Europe-Chess INT"]
[Date "2020.05.16"]
[Round "8"]
[White "Samoun, Florent"]
[Black "Piorun, Kacper"]
[Result "0-1"]
[WhiteTitle "FM"]
[BlackTitle "GM"]
[WhiteElo "2299"]
[BlackElo "2601"]
[WhiteFideId "664995"]
[BlackFideId "1130420"]
[EventDate "2020.05.16"]

1. Nf3 b5 2. e4 Bb7 3. Bxb5 Bxe4 4. Nc3 Bb7 5. O-O Nf6 6. d4 e6 7. Bf4 Be7 8.
Re1 O-O 9. Qd2 a6 10. Bd3 Nc6 11. Ne4 Nd5 12. Bg3 f5 13. Nc5 Bxc5 14. dxc5 Nce7
15. Be5 Ng6 16. Bd4 Ndf4 17. Ne5 Nxg2 18. Nxg6 Nxe1 19. Rxe1 hxg6 20. Re3 Qg5+
21. Kf1 Qg2+ 22. Ke2 f4 23. Re5 d6 24. Rxe6 Qg4+ 25. Kf1 Qxe6 26. b3 Qh3+ 27.
Ke1 Rae8+ 28. Kd1 Qxh2 29. Kc1 Qg1+ 30. Kb2 Qe1 31. Bc4+ d5 32. Qd3 dxc4 33.
Qxg6 Qe7 34. c6 Bc8 35. Qg1 cxb3 36. axb3 Bf5 37. Qg2 Rd8 38. Bc3 Bxc2 39. b4
Be4 40. Qg1 Bxc6 41. Ka3 Rd3 42. Kb2 Rxc3 43. Kxc3 Qe5+ 44. Kb3 Rd8 45. Qf1 Bb5
46. Qc1 Rd3+ 47. Ka2 Qd5+ 48. Ka1 Rd1 0-1

[Event "ch-FRA Blitz Online Qual"]
[Site "Europe-Chess INT"]
[Date "2020.05.16"]
[Round "8"]
[White "Schweitzer, Adrien"]
[Black "Vaisser, Anatoly"]
[Result "0-1"]
[BlackTitle "GM"]
[WhiteElo "2086"]
[BlackElo "2504"]
[WhiteFideId "628220"]
[BlackFideId "603252"]
[EventDate "2020.05.16"]

1. d4 Nf6 2. c4 c5 3. d5 b5 4. f3 bxc4 5. e4 d6 6. Bxc4 g6 7. Ne2 Bg7 8. O-O O-O
9. Nec3 Nfd7 10. Na3 Nb6 11. Be2 Ba6 12. Bg5 h6 13. Bh4 Qd7 14. Kh1 Qb7 15. Qc2
Re8 16. Nab5 N8d7 17. a4 Rab8 18. b3 Na8 19. Rab1 Nc7 20. Nxc7 Bxe2 21. Nxe8
Bxf1 22. Nxg7 Ba6 23. Nh5 gxh5 24. Qd2 Kh7 25. Qf4 Ne5 26. Qf5+ Kg7 27. f4 Ng6
28. Bg3 Qb4 29. Ne2 Bxe2 0-1

[Event "ch-FRA Blitz Online Qual"]
[Site "Europe-Chess INT"]
[Date "2020.05.16"]
[Round "8"]
[White "Ribiere, Damien"]
[Black "Parligras, Mircea-Emilian"]
[Result "0-1"]
[BlackTitle "GM"]
[WhiteElo "2083"]
[BlackElo "2591"]
[WhiteFideId "26041634"]
[BlackFideId "1204297"]
[EventDate "2020.05.16"]

1. e4 c5 2. a3 g6 3. Nc3 Bg7 4. Bc4 Nc6 5. Ba2 d6 6. d3 Rb8 7. Nge2 b5 8. O-O e6
9. f4 Nge7 10. Ng3 Nd4 11. Nce2 O-O 12. c3 Nxe2+ 13. Qxe2 b4 14. axb4 cxb4 15.
Bd2 bxc3 16. Bxc3 Qb6+ 17. Kh1 Ba6 18. f5 Bxc3 19. bxc3 exf5 20. exf5 Rbe8 21.
Qd2 Kh8 22. f6 Ng8 23. Ne4 Bb7 24. Rae1 d5 25. Ng5 Rxe1 26. Qxe1 Nxf6 27. Qe7
Kg7 28. h4 Bc8 29. Bxd5 Qd8 30. Qxd8 Rxd8 31. Bxf7 Rxd3 32. Bc4 Rxc3 33. Be2 Bf5
34. Bf3 a5 35. Ra1 Rc5 36. Kh2 h6 37. Nh3 Bxh3 38. Kxh3 g5 39. hxg5 hxg5 40. Kg3
Kg6 41. Kf2 Kf5 42. Ke3 g4 43. Be2 Re5+ 44. Kf2 Ne4+ 45. Kg1 Nc3 46. Bd3+ Kf4
47. Kf2 g3+ 48. Kf1 Rd5 49. Be2 Ke3 50. Bf3 Rb5 51. Re1+ Kd2 52. Ra1 a4 53. Ra3
Rb1+ 0-1